000 00353nam a22001457a 4500
008 211013b ||||| |||| 00| 0 eng d
020 _a9780803948709
041 _aeng
080 _a159.9
082 _a159.9
100 _a48
101 _aPSI
245 _aOvercoming Unintentional Racism in Counseling and Therapy
_cRidley,Ch.R
942 _2udc
_cBK
999 _c58209
_d58209